10 Highest-Paid Celebrities in 2021 - Statistics

General Stats
  • This quiz has been taken 28 times
  • The average score is 2 of 10
Answer Stats
Name Nationality 2021 pre-tax earnings % Correct
Kanye West American $235 million
81%
Jay-Z American $340 million
37%
Dwayne Johnson American/Canadian $270 million
22%
Peter Jackson New Zealander $580 million
19%
Tyler Perry American $165 million
15%
Bob Dylan American $130 million
4%
Bruce Springsteen American $435 million
4%
Paul Simon American $200 million
4%
Ryan Tedder American $160 million
4%
Trey Parker and Matt Stone American $210 million
4%
No matching quizzes found
Score Distribution
Percent of People with Each Score
Percentile by Number Answered
Your Score History
You have not taken this quiz